西武線から他社線に乗り換えられる駅 - Statistics

General Stats
  • This quiz has been taken 59 times
  • The average score is 14 of 15
Answer Stats
Hint Answer % Correct
JR東日本(山手線など)、東京メトロ、東武鉄道 池袋
100%
JR東日本(中央線など)、京王電鉄、東京メトロ、小田急電鉄、都営地下鉄 西武新宿
98%
JR東日本(山手線)、東京メトロ 高田馬場
98%
秩父鉄道 西武秩父
96%
JR東日本(青梅線など) 拝島
96%
JR東日本(武蔵野線) 秋津
94%
東京メトロ 小竹向原
94%
JR東日本(中央線) 国分寺
92%
都営地下鉄 練馬
90%
JR東日本(川越線)、東武鉄道 本川越
90%
JR東日本(中央線) 武蔵境
90%
JR東日本(八高線) 東飯能
88%
多摩都市モノレール 玉川上水
88%
都営地下鉄 中井
84%
都営地下鉄 豊島園
75%
No matching quizzes found
Score Distribution
Percent of People with Each Score
Percentile by Number Answered
Your Score History
You have not taken this quiz